|
|
แสดงรายละเอียดบรรณานุกรม |
|
|
Brief Record
: Get Marc (ISO 2709)
: E-mail record
: |
|
|
|
| LEADER 00000nama 2200000uu 4500 | |||
| 001 191380 | |||
| 003 ULIBM | |||
| 008 040531s2550 th m m a000 0 tha d | |||
| 020 ^a974-645-387-4 | |||
| 041 tha | |||
| 050 WY157 กพ492 ล.3 2550 | |||
| 100 เยาวลักษณ์ เสรีเสถียร. | |||
| 245 เอกสารการสอนชุดวิชาการพยาบาลครอบครัวและการผดุงครรภ์ หน่วยที่ 11-15. | |||
| 246 การพยาบาลสูติศาสตร์ | |||
| 250 พิมพ์ครั้งที่ 5. | |||
| 260 นนทบุรี มสธ. 2547,2550 | |||
| 300 396 หน้า | |||
| 650 1.การดูแลภายหลังคลอด 2.การพยาบาลสูติศาสตร์ 3.ภาวะแทรกซ้อนขณะตั้งครรภ์. | |||
| 999 ^aใช้งานได้ทุกระบบ | |||
| คุณยังไม่ได้ล็อกอิน คุณสามารถมีกิจกรรมร่วมกับเว็บไซต์ได้ แต่ต้องล็อกอินก่อน :: |
|
| สถานะ | |||||||||
| 1. | หนังสือทั่วไป | WY157 กพ492 ล.3 2550 | On Shelf ขอยืม | ||||||
| 2. | หนังสือทั่วไป | WY157 กพ492 ล.3 2550 | On Shelf ขอยืม | ||||||
| 3. | หนังสือทั่วไป | WY157 กพ492 ล.3 2550 | On Shelf ขอยืม | ||||||
| 4. | หนังสือทั่วไป | WY157 กพ492 ล.3 2550 | On Shelf ขอยืม | ||||||
| 5. | หนังสือทั่วไป | WY157 กพ492 ล.3 2550 | On Shelf ขอยืม | ||||||
| [แสดง 5/5 รายการ] | |||||||||
BibComment |
| คอมเมนท์ทรัพยากรรายการนี้ |
|
|